| 000 | 00409nam a2200145Ia 4500 | ||
|---|---|---|---|
| 008 | 100415s9999 xx 000 0 und d | ||
| 082 |
_b13633 _a574.5 |
||
| 100 | _aSvirezhev YM | ||
| 245 | _aStability of Biological Communities | ||
| 260 |
_aMOSCOW _c1983 _bMIR PUBLISHERS |
||
| 365 | _b0 | ||
| 630 | _aStability of Biological Communities | ||
| 730 | _aStability of Biological Communities | ||
| 942 | _cBOOK | ||
| 999 |
_c596547 _d596544 |
||